00902nac a22002171u 4500010001700000020001500017082001700032090001500049100003400064245005300098260005700151300003400208500002000242650002500262856008800287856007600375856007800451942002000529999001500549952012000564 a 2003536599 a075067721X00a665.53bP236 c2403d2403 aParkash, Surinder. 10aRefining processes handbook /cSurinder Parkash. aBurlington,MA. :bGulf Professional Pub.,2003c2003. axiv, 712 p. :bill. ;c24 cm. aIncludes index. 0aPetroleumxRefining.423Publisher descriptionuhttp://www.loc.gov/catdir/description/els041/2003536599.html423Table of contentsuhttp://www.loc.gov/catdir/toc/els041/2003536599.html423Book review (E-STREAMS)uhttp://www.e-streams.com/es0710/es0710_3613.html cBBk665.53 P236 c2403d2403 00104070aMAINbMAINc1STd2007-02-19ePurchasel2m6o665.53 PARp000001700r2025-07-15 00:00:00s2016-07-28yBB